000 00591nam a2200205Ia 4500
003 OSt
005 20250130113112.0
008 210210b1988 xxu||||| |||| 00| 0 eng d
040 _cAL
041 _aKannada
082 _aK894.4 RAJS
100 _aRAJASHEKHAR (N)
_9135260
_dರಾಜಶೇಖರ (ಎನ್)
245 _aShri Ramayana Darshanam
_b ಶ್ರೀ ರಾಮಾಯಣದರ್ಶನಂ
260 _aBengaluru
_bA B H Prakashana
_c1988
300 _axii,519
650 _aKuvempu Ramayana
_9135261
690 _aKannada Prose
_9135262
906 _a042947
942 _2ddc
_cBK
999 _c92662
_d92662